El Valle de Arán : comarca piloto / por Celso Liesa Riverola comarca piloto / por Celso Liesa Riverola

por Liesa Riverola, Celso

Publicado: Barcelona : Bayer Hnos , 1965
Descripción Física: 237 p. : il., [6] f. ; 22 cm

MARC

LEADER 00000nam a2200000Ia 4500
001 814
008 160829s1965 xx 000 0 cat d
080 |a H-1-302 
100 |a Liesa Riverola, Celso  |9 23378 
245 |a El Valle de Arán :  |b  comarca piloto / por Celso Liesa Riverola 
260 |a Barcelona :  |b Bayer Hnos.,  |c 1965 
300 |a 237 p. :  |b  il., [6] f. ;  |c 22 cm 
651 0 |a Vall d'Aran (Catalunya)  |9 51049 
901 |a Arxiu 
942 |n 1 
952 |0 0  |1 0  |4 0  |6 H1302  |7 1  |9 43395  |a Arxiu  |b Arxiu  |d 2016-12-01  |l 0  |o H-1-302  |p 814  |r 2016-12-01 00:00:00  |w 2016-12-01  |y ARXIU 
999 |c 45941  |d 45941